000 00246nmm a2200085Ia 4500
008 220120s9999||||xx |||||||||||||||||und||
100 _aLFY
_910674
245 0 _aNovember 2010 ; Blender 2.49b, blender 2.54, beta also inclu
260 _aEFY enterprises
999 _c139626
_d139626